LEADER 00915nam0 2200277 450 001 000028707 005 20120307150426.0 100 $a20120307d2011----km-y0itay50------ba 101 0 $aita 102 $aIT 105 $ay-------001yy 200 1 $aTeoria politica e democrazia$edal passato al futuro$fa cura di Luigi Bonanate 210 $aMilano$cFranco Angeli$dc2011 215 $a355 p.$d23 cm 225 2 $aSocietà e politica$v73 410 0$12001$aSocietà e politica 500 10$aTeoria politica e democrazia : dal passato al futuro$957986 610 1 $aPolitica$aTeoria 610 1 $aDemocrazia$aTeorie 676 $a340.1$v22$9Diritto. Filosofia e teoria 702 1$aBonanate,$bLuigi 801 0$aIT$bUNIPARTHENOPE$c20120307$gRICA$2UNIMARC 912 $a000028707 951 $a340-T/2$b43290$cNAVA1$d2012 996 $aTeoria politica e democrazia : dal passato al futuro$957986 997 $aUNIPARTHENOPE LEADER 03515nam 2200817 a 450 001 9910141196403321 005 20220422114619.0 010 $a1-4443-5409-4 010 $a1-78539-388-X 010 $a1-118-38473-3 010 $a1-283-40772-8 010 $a9786613407726 010 $a1-4443-5411-6 010 $a1-4443-5408-6 035 $a(CKB)2670000000133105 035 $a(EBL)822656 035 $a(OCoLC)776876793 035 $a(SSID)ssj0000571447 035 $a(PQKBManifestationID)11380644 035 $a(PQKBTitleCode)TC0000571447 035 $a(PQKBWorkID)10618025 035 $a(PQKB)11008431 035 $a(MiAaPQ)EBC822656 035 $a(MiAaPQ)EBC4043830 035 $a(Au-PeEL)EBL4043830 035 $a(CaPaEBR)ebr11115806 035 $a(CaONFJC)MIL340772 035 $a(OCoLC)880746979 035 $a(PPN)192400614 035 $a(EXLCZ)992670000000133105 100 $a20110811d2012 uy 0 101 0 $aeng 135 $aur|n|---||||| 181 $ctxt 182 $cc 183 $acr 200 04$aThe Wiley-Blackwell handbook of couples and family relationships$b[electronic resource] /$fedited by Patricia Noller and Gery C. Karantzas 205 $a1st ed. 210 $aChichester ;$aMalden, Mass. $cWiley-Blackwell$d2012 215 $a1 online resource (514 p.) 300 $aDescription based upon print version of record. 311 $a1-4443-3450-6 320 $aIncludes bibliographical references and index. 327 $apt. 1. Trends in couple and family relationships -- pt. 2. Families across the lifespan -- pt. 3. Communication and conflict processes in couples and families -- pt. 4. Individual differences perspectives on intimacy, love, and caregiving -- pt. 5. Cognitive and affective processes in couple relationships -- pt. 6. Education and intervention in couple and family relationships -- pt. 7. Interpersonal processes, families, and mental health -- pt. 8. Implications for policy -- pt. 9. Integration and conclusion. 330 $aThe Wiley-Blackwell Handbook of Couples and Family Relationships presents original articles from leading experts that link research, policy, and practice together to reflect the most current knowledge of contemporary relationships. Offers interesting new perspectives on a range of relationship issues facing twenty-first century Western societyHelps those who work with couples and families facing with relationship issuesIncludes practical suggestions for dealing with relationship problemsExplores diverse issues, including family structure versus functioning; 606 $aFamilies$xPsychological aspects 606 $aCouples$xPsychology 606 $aInterpersonal relations 606 $aFamília$2thub 606 $aParella$2thub 606 $aAspectes psicològics$2thub 606 $aRelacions humanes$2thub 608 $aLlibres electrònics$2thub 615 0$aFamilies$xPsychological aspects. 615 0$aCouples$xPsychology. 615 0$aInterpersonal relations. 615 7$aFamília 615 7$aParella 615 7$aAspectes psicològics 615 7$aRelacions humanes 676 $a158.24 676 $a306.87 701 $aNoller$b Patricia$0258383 701 $aKarantzas$b Gery C$0906021 801 0$bMiAaPQ 801 1$bMiAaPQ 801 2$bMiAaPQ 906 $aBOOK 912 $a9910141196403321 996 $aThe Wiley-Blackwell handbook of couples and family relationships$92026510 997 $aUNINA LEADER 04159nam 22006615 450 001 9910337828703321 005 20250721163952.0 010 $a9783030036553 010 $a3030036553 024 7 $a10.1007/978-3-030-03655-3 035 $a(CKB)4100000007592263 035 $a(DE-He213)978-3-030-03655-3 035 $a(MiAaPQ)EBC5672629 035 $a(PPN)235005584 035 $a(Perlego)3492489 035 $a(EXLCZ)994100000007592263 100 $a20190202d2019 u| 0 101 0 $aeng 135 $aurnn#008mamaa 181 $ctxt$2rdacontent 182 $cc$2rdamedia 183 $acr$2rdacarrier 200 10$aReconciliation and Building a Sustainable Peace $eCompeting Worldviews in South Africa and Beyond /$fby Cathy Bollaert 205 $a1st ed. 2019. 210 1$aCham :$cSpringer International Publishing :$cImprint: Palgrave Macmillan,$d2019. 215 $a1 online resource (XX, 209 p. 7 illus., 6 illus. in color.) 225 1 $aPalgrave Studies in Compromise after Conflict,$x2946-2800 311 08$a9783030036546 311 08$a3030036545 327 $a1. Introduction: The significance of cultural diversity on peace-building in divided societies -- 2. The Rainbow Nation: Identity, intergroup relations and worldviews in South Africa -- 3. Anchoring concepts: sustainable peace, identity, culture and worldview -- 4. Worldview diversity within South Africa's Truth and Reconciliation Commission -- 5. Exploring the diversity of worldviews in South Africa -- 6. Through the eyes of the 'other': interpretations of peace and requisites for building a sustainable peace -- 7. Transitional policies, group identity and intergroup relations -- 8. Contributions and recommendations of worldview for peace-building and reconciliation in South Africa and beyond. . 330 $aThis book explores how competing worldviews impact on intergroup relations and building a sustainable peace in culturally diverse societies. It raises the question of what happens in a culturally diverse society when competing values and ways of interpreting reality collide and what this means for peace-building and the goal of reconciliation. Moreover, it provides a valuable and needed contribution to how peace-building interventions can become more sustainable if tied into local values and embedded in a society's system of meaning-making. The book engages with questions relating to the extent transitional policies speak to universal values and individualist societies and the implications this might have for how they are implemented in collective societies with different values and forms of social organisation. It raises the question of cultural equality and transformation and whether or not this is something that needs to be addressed within peace-building theory. It argues that inculcating worldview into peace-building theory and practice is a vital part of restoring dignity and promoting healing among victims and formerly oppressed groups. This book, therefore, makes an important contribution to what is at best a partially researched topic by providing a deeper understanding of how identity and culture intersect with peace-building when seeking to build a sustainable peace. . 410 0$aPalgrave Studies in Compromise after Conflict,$x2946-2800 606 $aHuman rights 606 $aPeace 606 $aCritical criminology 606 $aEthnology$zAfrica 606 $aCulture 606 $aHuman Rights 606 $aPeace and Conflict Studies 606 $aCritical Criminology 606 $aAfrican Culture 615 0$aHuman rights. 615 0$aPeace. 615 0$aCritical criminology. 615 0$aEthnology 615 0$aCulture. 615 14$aHuman Rights. 615 24$aPeace and Conflict Studies. 615 24$aCritical Criminology. 615 24$aAfrican Culture. 676 $a341.48 676 $a364 676 $a303.66 700 $aBollaert$b Cathy$4aut$4http://id.loc.gov/vocabulary/relators/aut$0784262 906 $aBOOK 912 $a9910337828703321 996 $aReconciliation and building a sustainable peace$91743193 997 $aUNINA LEADER 01851nas 2200553-a 450 001 9910132052603321 005 20260218111317.0 011 $a1782-1525 035 $a(CKB)110978979120427 035 $a(CONSER)---87643958- 035 $a(DE-599)ZDB2243844-0 035 $a(DE-599)2243844-0 035 $a(EXLCZ)99110978979120427 100 $a19870904a19869999 --- - 101 0 $afre 181 $ctxt$2rdacontent 182 $cc$2rdamedia 183 $acr$2rdacarrier 200 00$aRevue internationale de droit économique 210 1$aBruxelles :$cL'Association internationale de droit économique,$d[1986- 210 1$aLiège, Belgique :$cDe Boeck Supérieur 215 $a1 online resource 300 $aRefereed/Peer-reviewed 311 08$aPrint version: Revue internationale de droit économique. 1010-8831 (DLC) 87643958 (OCoLC)16641980 517 1 $aR.I.D.E. 517 1 $aRIDE 606 $aIndustrial laws and legislation$vPeriodicals 606 $aIndustrie$xDroit$vPériodiques 606 $aIndustrial laws and legislation$2fast$3(OCoLC)fst00971186 606 $aEconomisch recht$2gtt 606 $aEconomic law$2pplt 606 $aEconomic integration$2pplt 606 $aInternational economic law$2pplt 608 $aPeriodicals.$2fast 615 0$aIndustrial laws and legislation 615 6$aIndustrie$xDroit 615 7$aIndustrial laws and legislation. 615 17$aEconomisch recht. 615 7$aEconomic law. 615 7$aEconomic integration. 615 7$aInternational economic law. 676 $a345/.0264 676 $a342.5264 712 02$aAssociation internationale de droit e?conomique, 906 $aJOURNAL 912 $a9910132052603321 920 $aexl_impl conversion 996 $aRevue internationale de droit economique$91057746 997 $aUNINA